Statistics for Popular TV Series by Cast

Click here to take the quiz!

General Stats

  • This quiz has been taken 166 times
    (124 since last reset)
  • The average score is 20 of 47

Answer Stats

HintAnswer% Correct
Jennifer Aniston, Matt LeBlanc, David SchwimmerFriends
91%
Emilia Clarke, Lena Headey, Kit HaringtonGame of Thrones
84%
Benedict Cumberbatch, Martin Freeman, Mark GatissSherlock
76%
Josh Radnor, Neil Patrick Harris, Cobie SmuldersHow I Met Your Mother
75%
Steve Carell, John Krasinski, Rainn WilsonThe Office
75%
Gabriel Macht, Patrick J. Adams, Meghan MarkleSuits
70%
Bryan Cranston, Aaron Paul, Anna GunnBreaking Bad
69%
Ellen Pompeo, Patrick Dempsey, Justin ChambersGrey's Anatomy
68%
Wentworth Miller, Dominic Purcell, Sarah Wayne CalliesPrison Break
68%
Sofía Vergara, Julie Bowen, Ariel WinterModern Family
66%
Jim Parsons, Johnny Galecki, Kaley CuocoThe Big Bang Theory
65%
Cillian Murphy, Sam Neill, Paul AndersonPeaky Blinders
61%
KJ Apa, Lili Reinhart, Camila MendesRiverdale
61%
Hugh Laurie, Jennifer Morrison, Lisa EdelsteinHouse M.D.
60%
Andrew Lincoln, Norman Reedus, Steven YeunThe Walking Dead
55%
Rami Malek, Christian Slater, Grace GummerMr. Robot
53%
Kristen Bell, Ted Danson, Jameela JamilThe Good Place
49%
Matthew Fox, Terry O'Quinn, Evangeline LillyLost
48%
Jensen Ackles, Jared Padalecki, Misha CollinsSupernatural
48%
Evan Peters, Sarah Paulson, Lady GagaAmerican Horror Story
45%
Matt Smith, David Tennant, Peter CapaldiDoctor Who
44%
Seth MacFarlane, Alex Borstein, Mila KunisFamily Guy
41%
Mila Kunis, Ashton Kutcher, Laura PreponThat '70s Show
40%
Chris Pratt, Amy Poehler, Aubrey PlazaParks and Recreation
38%
Reese Witherspoon, Nicole Kidman, Shailene WoodleyBig Little Lies
36%
John Hamm, Christina Hendricks, January JonesMad Men
35%
Michael C. Hall, Jennifer Carpenter, David ZayasDexter
34%
Charlie Hunnam, Katey Sagal, Ron PearlmanSons of Anarchy
34%
Claire Danes, Mandy Patinkin, Damian LewisHomeland
31%
Grant Gustin, Danielle Panabaker, Candice PattonThe Flash
31%
Bob Odenkirk, Jonathan Banks, Michael McKeanBetter Call Saul
30%
Milo Ventimiglia, Mandy Moore, Sterling K. BrownThis Is Us
30%
Hugh Dancy, Mads Mikkelsen, Caroline DhavernasHannibal
29%
Elizabeth Moss, Yvonne Strahovski, Alexis BledelThe Handmaid's Tale
28%
Emmy Rossum, William H. Macy, Jeremy Allen WhiteShameless
27%
Evan Rachel Wood, Anthony Hopkins, Thandie NewtonWestworld
27%
Travis Fimmel, Katheryn Winnick, Clive StandenVikings
25%
Billy-Bob Thornton, Martin Freeman, Kirsten DunstFargo
22%
Dan Castellaneta, Hank Azaria, Nancy CartwrightThe Simpsons
21%
Donald Glover, Brian Tyree Henry, Lakeith StanfieldAtlanta
17%
Justin Roiland, Spencer Grammer, Chris ParnellRick and Morty
15%
Tatiana Maslany, Jordan Gavaris, Kristian BruunOrphan Black
14%
Sam Heughan, Caitriona Balfe, Tobias MenziesOutlander
14%
Ray Stevenson, Kevin McKidd, Ciarán HindsRome
13%
Justin Theroux, Amy Brenneman, Christopher EcclestonThe Leftovers
12%
Dan Stevens, Rachel Keller, Aubrey PlazaLegion
11%
Ricky Whittle, Emily Browning, Ian McShaneAmerican Gods
10%

Score Distribution

Percentile by Number Answered

Percent of People with Each Score

Your Score History

You have not taken this quiz since the last reset